Jorge Galindo (Record no. 1066)

MARC details
000 - LÍDER
campo de control de longitud fija 00758nam a2200205Ia 4500
008 - ELEMENTOS DE DATOS DE LONGITUD FIJA - INFORMACIÓN GENERAL
campo de control de longitud fija 0000002003 sp a 0000000000spa00
090 ## - NÚMERO DE LLAMADA DE TIPO LC LOCALMENTE ASIGNADO (OCLC)
Número de clasificación (OCLC) (R) PSP00 G14j
100 1# - ENTRADA PRINCIPAL - NOMBRE PERSONAL
Nombre de la persona Galindo, Jorge
Fechas asociadas a un nombre 1965
245 10 - TÍTULO DECLARACIÓN
Título Jorge Galindo
Declaración de responsabilidad / fotografías Oronoz
260 ## - PUBLICACIÓN, DISTRIBUCIÓN
Lugar de publicación Madrid : Galería Soledad Lorenzo
Fecha de publicación 2003
300 ## - DESCRIPCIÓN FÍSICA
Alcance 53 p.
Dimensiones / 27 cm.
500 ## - NOTA GENERAL
Nota general Exposición realizada en Galería Soledad Lorenzo, Madrid, Abril 4 Mayo 10. 2003 \ Con el patronazgo del maestro venezolano Jesús Rafael Soto (q.e.p.d.)
600 00 - ENTRADA DE SUJETO AÑADIDO - NOMBRE PERSONAL
Nombre de la persona GALINDO, JORGE, 1965 /
Subdivisión general TRABAJOS PICTORICOS
650 14 - ENTRADA DE SUJETO AÑADIDO - TÉRMINO TÓPICO
Término tópico o elemento de entrada del nombre geográfico PINTURA ESPAÑOLA
650 14 - ENTRADA DE SUJETO AÑADIDO - TÉRMINO TÓPICO
Término tópico o elemento de entrada del nombre geográfico ARTE CONTEMPORANEO ESPAÑOL
650 14 - ENTRADA DE SUJETO AÑADIDO - TÉRMINO TÓPICO
Subdivisión general CATALOGOS
650 14 - ENTRADA DE SUJETO AÑADIDO - TÉRMINO TÓPICO
Subdivisión general EXPOSICIONES
650 14 - ENTRADA DE SUJETO AÑADIDO - TÉRMINO TÓPICO
Término tópico o elemento de entrada del nombre geográfico PINTORES ESPAÑOLES
700 1# - ENTRADA AGREGADA - NOMBRE PERSONAL
Nombre de la persona Oronoz
Holdings
Estado de retirada Pérdida de estatus Estado dañado No para préstamo Código de recogida Ubicación permanente Ubicación actual Ubicación de las estanterías Fecha de adquisición Número de llamada completo Código de barras Fecha de la última vez que se vio Número de copia Precio efectivo desde Tipo de artículo Koha
        General ArtNexus ArtNexus General 06/09/2022 P-SP-00 G14J 1066 06/09/2022 Ej.1 06/09/2022 Libro

Powered by Koha